000
00274nam a22001337a 4500
008
170227b xxu||||| |||| 00| 0 eng d
020
_a
020109010
041
_a
eng
080
_a
577
100
_a
5
101
_a
SHMD
245
_a
BIOCHEMISTRY
_c
ZUBAY, G
942
_2
udc
_c
BK
999
_c
6321
_d
6321